Veterinary clinical pathology

Uloženo v:
Podrobná bibliografie
Hlavní autor: Coles, Embert H.
Médium: Kniha
Jazyk:Undetermined
Vydáno: Philadelphia W. B. Saunders Company 1967
Témata:
Tagy: Přidat tag
Žádné tagy, Buďte první, kdo otaguje tento záznam!
Thư viện lưu trữ: Trung tâm Học liệu Trường Đại học Cần Thơ
LEADER 00504nam a2200181Ia 4500
001 CTU_126053
008 210402s9999 xx 000 0 und d
082 |a 636.089607 
082 |b C689 
100 |a Coles, Embert H. 
245 0 |a Veterinary clinical pathology 
245 0 |c Embert H. Coles 
260 |a Philadelphia 
260 |b W. B. Saunders Company 
260 |c 1967 
650 |a Veterinary clinical pathology 
904 |i Hiếu 
980 |a Trung tâm Học liệu Trường Đại học Cần Thơ